Zur Haftung des psychiatrischen Sachverständigen im Strafprozeß

Guardado en:  
Detalles Bibliográficos
Autor principal: Krauß, Detlef 1934-2010 (Autor)
Tipo de documento: Print Artículo
Lenguaje:Alemán
Publicado: 1985
En: Strafverteidiger
Año: 1985, Volumen: 5, Número: 12, Páginas: 512-517
Verificar disponibilidad: HBZ Gateway
Palabras clave:

MARC

LEADER 00000caa a2200000 c 4500
001 1630644188
003 DE-627
005 20220607122544.0
007 tu
008 120328s1985 xx ||||| 00| ||ger c
035 |a (DE-627)1630644188 
035 |a (DE-576)362718210 
035 |a (DE-599)BSZ362718210 
040 |a DE-627  |b ger  |c DE-627  |e rakwb 
041 |a ger 
100 1 |a Krauß, Detlef  |d 1934-2010  |0 (DE-588)106660497  |0 (DE-627)515795844  |0 (DE-576)161820573  |4 aut 
109 |a Krauß, Detlef 1934-2010  |a Krauss, Detlef 1934-2010 
245 1 0 |a Zur Haftung des psychiatrischen Sachverständigen im Strafprozeß  |c Detlef Krauß 
264 1 |c 1985 
336 |a Text  |b txt  |2 rdacontent 
337 |a ohne Hilfsmittel zu benutzen  |b n  |2 rdamedia 
338 |a Band  |b nc  |2 rdacarrier 
773 0 8 |i In  |t Strafverteidiger  |d Köln : Heymanns, 1981  |g 5(1985), 12, Seite 512-517  |w (DE-627)129098132  |w (DE-600)8277-6  |w (DE-576)014434857  |x 0720-1605  |7 nnas 
773 1 8 |g volume:5  |g year:1985  |g number:12  |g pages:512-517 
951 |a AR 
ELC |b 1 
LOK |0 000 xxxxxcx a22 zn 4500 
LOK |0 001 3280360641 
LOK |0 003 DE-627 
LOK |0 004 1630644188 
LOK |0 005 20160804114426 
LOK |0 008 120328||||||||||||||||ger||||||| 
LOK |0 040   |a DE-21-110  |c DE-627  |d DE-21-110 
LOK |0 689   |a s  |a Begutachtung 
LOK |0 689   |a s  |a Psychiatrischer Sachverständiger 
LOK |0 689   |a s  |a Strafprozeß 
LOK |0 852   |z Kein Bestand am IfK; Nachweis für KrimDok 
LOK |0 852   |a DE-21-110 
LOK |0 852 1  |m v  |9 00 
LOK |0 935   |a k110 
LOK |0 938   |k v 
LOK |0 939   |a 28-03-12  |b l01 
ORI |a SA-MARC-krimdoka001.raw